Sborové skladby pre miešaný trojhlas (2 hlasy ženské a 1 mužský) : výběr z klasickej polyfónie, klasiky, pisne revolučné, súčasné a ľudové /

Další autoři: Krištof, Anton
Jazyk: Slovenština
Vydáno: Bratislava : Osvetový ústav, 1961
Fyzický popis: 76 s.
Hudebniny Hudebniny
Uloženo v:
LEADER 00802ncm a22002172a 4500
001 001238317
003 CZ BrMZK
005 20120810111334.0
007 qu
008 120810s1961 xo |||||||||||||||||slo d
040 |a BOA001  |b cze 
072 7 |a 784  |x Vokální hudba  |2 Konspekt  |9 9 
245 0 0 |a Sborové skladby  |h [hudebnina] :  |b pre miešaný trojhlas (2 hlasy ženské a 1 mužský) : výběr z klasickej polyfónie, klasiky, pisne revolučné, súčasné a ľudové /  |c zostavil Anton Krištof 
260 |a Bratislava :  |b Osvetový ústav,  |c 1961 
300 |a 76 s. 
500 |a Rozmnoženo 
700 1 |a Krištof, Anton  |7 xx0080299  |4 com 
910 |a BOA001  |b Mus4-0463.080 
990 |a MU 
991 |b 201208 
996 6 |b 2619075442  |c Mus4-0463.080  |l MZK  |r Sklad / do 1 hodiny  |n 0  |w 001272376  |u 000010  |a 1  |e BOA001  |j MZK50  |s P